Treasures from the Shanghai Museum: 6,000 Years of Chinese Art / (Record no. 617062)

000 -LEADER
fixed length control field 00409nam a22001457a 4500
020 ## - INTERNATIONAL STANDARD BOOK NUMBER
Qualifying information PB.
040 ## - CATALOGING SOURCE
Transcribing agency Fizza Ishaq
082 ## - DEWEY DECIMAL CLASSIFICATION NUMBER
Classification number 730.09
Author Mark REN
100 ## - MAIN ENTRY--PERSONAL NAME
Personal name Yvon, Rene.
9 (RLIN) 134121
245 ## - TITLE STATEMENT
Title Treasures from the Shanghai Museum: 6,000 Years of Chinese Art /
Statement of responsibility, etc. Rene-Yvon.
250 ## - EDITION STATEMENT
Edition statement 1st Ed.
260 ## - PUBLICATION, DISTRIBUTION, ETC.
Place of publication, distribution, etc. Japan :
Name of publisher, distributor, etc. Asian Art Museum,
Date of publication, distribution, etc. 1983.
300 ## - PHYSICAL DESCRIPTION
Extent 191 p, ;
Dimensions 10.9 x 8.4 x .6 inches
942 ## - ADDED ENTRY ELEMENTS (KOHA)
Source of classification or shelving scheme
Koha item type Book
Holdings
Withdrawn status Lost status Source of classification or shelving scheme Damaged status Not for loan Permanent Location Current Location Shelving location Date acquired Total Checkouts Full call number Barcode Date last seen Price effective from Koha item type
          NUST Baluchistan Campus (NBC) NUST Baluchistan Campus (NBC) E-Books 04/14/2026   730.09 REN QD-589 04/14/2026 04/14/2026 Book
© 2023 Central Library, National University of Sciences and Technology. All Rights Reserved.